000 00580nam a2200181Ii 4500
003 JO-AjNU
008 230605s9999||||xx |||||||||||||| ||und||
040 _aJO-AjNU
_bara
_erda
_cJO-AjNU
041 _aara
050 1 4 _aKMM166.3 .N3488 1991
100 3 _aنجم، محمد صبحي,
_eauthor
_946620
245 0 0 _aالوجيز في أصول المحاكمات الجزائية الأردني
250 _aط1
264 3 1 _aعمان: دار الثقافة،1991
336 _atext
_btxt
_2rdacontent
337 _aunmediated
_bn
_2rdamedia
338 _avolume
_bnc
_2rdacarrier
999 _aA20295
_c23863
_d23863